Introduction to tropical fish stick assessment, part 1: manual

Gorde:
Xehetasun bibliografikoak
Egile nagusia: Per Sparre
Formatua: Liburua
Hizkuntza:Undetermined
Argitaratua: Rome, Italy FAO 1992
Gaiak:
Etiketak: Etiketa erantsi
Etiketarik gabe, Izan zaitez lehena erregistro honi etiketa jartzen!
Thư viện lưu trữ: Trung tâm Học liệu Trường Đại học Cần Thơ
LEADER 00525nam a2200181Ia 4500
001 CTU_4103
008 210402s9999 xx 000 0 und d
082 |a 597.1 
082 |b S737/P1 
100 |a Per Sparre 
245 0 |a Introduction to tropical fish stick assessment, part 1: manual 
245 0 |c Per Sparre and Siebren C. Venema 
260 |a Rome, Italy 
260 |b FAO 
260 |c 1992 
650 |a fishery biology,fishery management 
904 |i Minh 
980 |a Trung tâm Học liệu Trường Đại học Cần Thơ